Équipes Esports #3 - Statistiques

Statistiques générales
  • Ce quiz a été pris 37 fois
  • Le résultat moyen est 11 sur 16
Statistiques - réponses
Par images Réponse % Correct
NRG
100%
BIG
91%
Falcons
91%
Gen G
85%
100 Thieves
82%
Cloud9
82%
KRU
76%
MOUZ
74%
LOUD
71%
Twisted Minds
68%
MIBR
65%
Sentinels
65%
Leviatan
41%
ENVY
38%
Evil Geniuses
35%
Parivision
32%
Aucun quiz correspondant
Distribution des résultats
% des personnes avec chaque résultat
Percentile par nombre de réponses
Votre historique - résultats
Vous n’avez pas pris ce quiz